000 00800nam a2200253 a 4500
001 000039467
003 DO-SdBNP
005 20230228094710.0
007 ta
008 100222s1970 dr 000 0 spa d
040 _aDO-SdBNP
_bspa
_cBNPHU
082 4 _a347.01310
_bR426L,1970
_222
110 2 _aRepública Dominicana.
_bProcuraduria General de la República.
_932241
240 1 3 _a[Leyes etc.]
245 1 0 _aLey de organización judicial.
260 _aSanto Domingo :
_bJunta Central Electoral,
_c1970.
300 _a75 p. ;
_c21 cm.
590 _aInventariado, 2020 /LP
650 4 _aLegislacion judicial
_930795
650 4 _aPoder judicial
_xLegislación
_930796
651 4 _aRepública Dominicana
_xLeyes
_916541
651 4 _aRepública Dominicana
_xLey 821
_930801
942 _2ddc
_cLBS1
999 _c38957
_d38957